Anuario estadístico 1998 (Registro nro. 20694)
[ vista simple ]
| 000 -CABECERA | |
|---|---|
| Campo de control | 00899nam a22002417a 4500 |
| 005 - FECHA Y HORA DE LA ULTIMA TRANSACCION | |
| Campo de control | 20200121063839.0 |
| 008 - ELEMENTOS DE LONGITUD FIJA—INFORMACION GENERAL | |
| Campo de control | 200121b xxu||||| |||| 00| 0 spa d |
| 040 ## - FUENTE DE CATALOGACIÓN | |
| Agencia catalogadora original | CO-BoIAVH |
| Agencia transcriptora | CO-BoIAVH |
| 041 ## - IDIOMA | |
| Código de idioma para texto/pista de sonido o título separado | Español |
| 044 ## - PAÍS DE PUBLICACIÓN | |
| País de publicación | Colombia |
| 082 ## - NUMERO DE CLASIFICACION DECIMAL DEWEY | |
| Número de clasificación | 318.61 |
| Número del ítem | M66a1998 |
| 110 ## - ASIENTO PRINCIPAL--NOMBRE CORPORATIVO | |
| 9 (RLIN) | 80252 |
| Nombre corporativo o de jurisdicción como elemento de entrada | Ministerio de Agricultura |
| 245 ## - MENCION DE TITULO | |
| Título | Anuario estadístico 1998 |
| Mención de responsabilidad | Ministerio de agricultura y desarrollo rural |
| 246 ## - FORMA VARIANTE DEL TITULO | |
| Título propiamente dicho/forma breve del título | Anuario estadístico del sector agropecuario y pesquero 1998 |
| 260 ## - PUBLICACION, DISTRIBUCION, ETC. (PIE DE IMPRENTA) | |
| Lugar de publicación, distribución, etc. | Santafé de Bogotá, |
| Nombre del editor, distribuidor, etc. | Ministerio de agricultura, |
| Fecha de publicación, distribución, etc. | 1999 |
| 300 ## - DESCRIPCION FISICA | |
| Extensión | 213 páginas |
| Otros detalles físicos | Contiene tablas, gráficas y mapas |
| Dimensiones | 27.3 x 20.8 cm |
| 650 #0 - ASIENTO SECUNDARIO DE MATERIA - TERMINO TEMATICO | |
| 9 (RLIN) | 5747 |
| Término temático o nombre geográfico como elemento de entrada | Sector agropecuario |
| 650 #0 - ASIENTO SECUNDARIO DE MATERIA - TERMINO TEMATICO | |
| 9 (RLIN) | 54774 |
| Término temático o nombre geográfico como elemento de entrada | Anuario |
| Subdivisión general | Estadístico |
| 650 #0 - ASIENTO SECUNDARIO DE MATERIA - TERMINO TEMATICO | |
| 9 (RLIN) | 92677 |
| Término temático o nombre geográfico como elemento de entrada | Estadísticas agrícolas |
| Subdivisión general | agrícolas |
| 650 #0 - ASIENTO SECUNDARIO DE MATERIA - TERMINO TEMATICO | |
| 9 (RLIN) | 304 |
| Término temático o nombre geográfico como elemento de entrada | Agricultura |
| Subdivisión general | colombia |
| Subdivisión geográfica | Colombia. |
| 650 #0 - ASIENTO SECUNDARIO DE MATERIA - TERMINO TEMATICO | |
| 9 (RLIN) | 49565 |
| Término temático o nombre geográfico como elemento de entrada | Acuicultura |
| Subdivisión general | colombia |
| Subdivisión geográfica | Colombia |
| 942 ## - ELEMENTOS ADICIONALES (KOHA) | |
| Sistema de clasificación | Dewey Decimal Classification |
| Tipo de ítem | Libro |
| Withdrawn status | Lost status | Sistema de Clasificación | Damaged status | No para préstamo | Colección | Ubicación Permanente | Ubicación actual | Fecha de adquisición | Total Checkouts | Número topográfico | Inventario / Código de Barras | Date last seen | Ejemplar | Price effective from | Forma de adquisición | Tipo de material |
|---|---|---|---|---|---|---|---|---|---|---|---|---|---|---|---|---|
| Dewey Decimal Classification | General | Bogotá | Bogotá | 21/01/2020 | LB-318.61 M66a1998 | 043928 | 21/01/2020 | Ej. 1 | 21/01/2020 | Donación | Libro |